000 00574nam a2200181Ia 4500
003 GCL
008 140319s9999 xx 000 0 ara d
040 _aGCL /
_cGCL
082 0 4 _a955.06
_bف ح
100 1 _aفدائيو الشعب الايرانى
245 1 0 _aحركة الشعب والانتهازيون فى ايران /
_cفدائيو الشعب الايرانى
300 _a92 ص
490 _a
650 0 4 _aالثورة الاسلامية
650 0 4 _aمجاهدى خلق
650 0 4 _aايران - تاريخ - العصر الحديث
942 _2ddc
_cBK
999 _c44336
_d44336